000 00737nam a2200217 a 4500
001 000025377
005 20200930023738.0
008 110215s1977 ag r 000 0 spa d
020 _a0311420524
040 _aDO-SdBNP
_bspa
_cBNPHU
041 1 7 _aspa
_heng
_2Código de idiomas MARC
082 _ann*
_bnn*
100 1 _aBarclay, William.
_951951
240 1 0 _aNew testament words.
_lEspañol
245 1 0 _aPalabras griegas del nuevo testamento /
_cWilliam Barclay ; traducción de Javier-José Marín C.
260 _a[Buenos Aires] :
_bCasa Bautista de Publicaciones,
_c1977.
300 _a210 p. ;
_c21 cm.
534 _a[Título original] :
_tNew testament words
700 1 _aMarín C., Javier-José,
_etr.
_951952
049 _aBNGR
999 _c24869
_d24869